000 00471nam a22001817a 4500
003 LK-CoDNM
005 20251230091509.0
008 251230b |||||||| |||| 00| 0 eng d
040 _aLK-CoDNM
_dLK-CoDNM
_eLK-CoDNM
041 _atam
080 _aTA
_b552
100 _aக.இ.சரவணமுதஂது
245 _aகவிசஂசுவடு
260 _aColombo
_bStarline printers
300 _a204p,18cm
650 _aசாரதா
942 _cBK
999 _c240523
_d240523